| 000 | 01704nam a22002777a 4500 | ||
|---|---|---|---|
| 001 | 8661 | ||
| 003 | FISKH | ||
| 005 | 20251205141557.0 | ||
| 008 | 251008b cb ||||| |||| 00| 0 eng d | ||
| 040 |
_aFISKH _bkhr _cFISKH _dFISKH |
||
| 050 | _aPZ7 | ||
| 082 | _aJ627 | ||
| 100 | _aMinistry of Education, Youth and Sports | ||
| 245 |
_a ផ្ទះអណ្តែតទឹក / _cក្រសួងអប់រំ យុវជន និងកីឡា |
||
| 260 |
_aPhnom Penh : _bកិច្ចសហប្រតិបត្តិការអភិវឌ្ឍន៍ប៊ែលហ្ស៊ិក , _c2009. |
||
| 300 |
_a16 pages : _bcolor illustrations ; _c25 cm . |
||
| 505 | _aM | ||
| 520 | _aឡូញបានទៅទស្សនាផ្ទះរបស់សុងនៅភូមិទឹក। ពួកគេមានអារម្មណ៍ច្រណែនគ្នាទៅវិញទៅមក ពីព្រោះការរស់នៅលើផ្ទះលើទឹក បណ្ដាលឲ្យសុងខកខានសកម្មភាពខ្លះៗលើគោក។ ខណៈដែលឡូន់ក៏ខកខានសកម្មភាពខ្លះៗនៃជីវិតលើផ្ទះទឹកដែរ។ | ||
| 520 | _aLonh visited Song' house in the floating village; they envied of each other because living in floating house, Song missed some activities on the mainland; while Lonh also missed some activities living in the floating house. | ||
| 521 | 8 |
_a530
_bLexile estimate |
|
| 521 | 8 |
_aM
_bRaz-Plus |
|
| 650 | _aផ្ទះអណ្តែតទឹក | ||
| 650 | _aFloating house | ||
| 942 |
_2ddc _cKHB _n0 |
||
| 999 |
_c8661 _d8661 |
||